00333 2200145 4500001002100000005001500021035002000036245003300056100002100089300001200110260003100122082000800153084001400161990001200175INLIS00000000000194020250522084144 a0010-05250002321 aRamayana /cNyoman S. Pendit0 aNyoman S. Pendit a361 hlm aJakarta :bGramedia,c2006 a800 a800 NYO r a0713460